Modern Systems Analysis & Design (Record no. 2776)
[ view plain ]
| 000 -LEADER | |
|---|---|
| fixed length control field | 00453nam a2200181Ia 4500 |
| 008 - FIXED-LENGTH DATA ELEMENTS--GENERAL INFORMATION | |
| fixed length control field | 221030s9999 xx 000 0 und d |
| 020 ## - INTERNATIONAL STANDARD BOOK NUMBER | |
| ISBN | 8177582976 |
| 041 ## - LANGUAGE CODE | |
| Language code of text/sound track or separate title | |
| 082 ## - DEWEY DECIMAL CLASSIFICATION NUMBER | |
| Classification number | 105.23 |
| Item number | Hof |
| 100 ## - MAIN ENTRY--AUTHOR NAME | |
| Personal name | J. A. Hoffer |
| 245 #0 - TITLE STATEMENT | |
| Title | Modern Systems Analysis & Design |
| Statement of responsibility, etc | by J. A. Hoffer, J.F. George |
| 250 ## - EDITION STATEMENT | |
| Edition statement | 4th |
| 260 ## - PUBLICATION, DISTRIBUTION, ETC. (IMPRINT) | |
| Name of publisher | Pearson Education |
| Place of publication | Delhi |
| Year of publication | 2006 |
| 300 ## - PHYSICAL DESCRIPTION | |
| Number of Pages | 614 |
| 650 ## - SUBJECT ADDED ENTRY--TOPICAL TERM | |
| Topical Term | Computers |
| 700 ## - ADDED ENTRY--PERSONAL NAME | |
| Personal name | J.F. George |
| 942 ## - ADDED ENTRY ELEMENTS (KOHA) | |
| Koha item type | Books |
| Accession Number | Cost, normal purchase price | Full call number | Price effective from | Koha item type | Withdrawn / writtenoff status | Materials specified (bound volume or other part) | Damaged status | Not for loan | Permanent Location | Current Location | Shelving location | Date acquired | Lost/ Missing status | department |
|---|---|---|---|---|---|---|---|---|---|---|---|---|---|---|
| M 1038 | 325.00 | 105.23 Hof | 10/30/2022 | Books | MIET Library, Jammu | MIET Library, Jammu | BL-Academic Block- B, FL-2, CUP-146, SH-6, R-6 | 09/11/2006 | MCA |